[Event "Stay Safe Play From Home 248"]
[Site "Emanuel Lasker Arena"]
[Date "2020.06.23"]
[Round "2"]
[White "Fischer_11"]
[Black "NeatFox"]
[Result "1-0"]
[WhiteElo "1998"]
[BlackElo "1824"]
[Annotator "NA"]
[PlyCount "113"]
[EventDate "2020.06.23"]
[EventType "swiss (blitz)"]

1. e4 {[%emt 0:00:01]} c6 {[%emt 0:00:00]} 2. d4 {[%emt 0:00:01]} d5 {[%emt 0:00:00]} 3. exd5 {[%emt 0:00:00]} cxd5 {[%emt 0:00:00]} 4. c4 {[%emt 0:00:00]} e5 {[%emt 0:00:00]} 5. dxe5 {[%emt 0:00:02]} dxc4 {[%emt 0:00:01]} 6. Qxd8+ {[%emt 0:00:01]} Kxd8 {[%emt 0:00:00]} 7. Bxc4 {[%emt 0:00:01]} Nh6 {[%emt 0:00:02]} 8. Bxh6 {[%emt 0:00:02]} gxh6 {[%emt 0:00:00]} 9. Bxf7 {[%emt 0:00:00]} Ke7 {[%emt 0:00:01]} 10. Bb3 {[%emt 0:00:02]} Nc6 {[%emt 0:00:01]} 11. Nf3 {[%emt 0:00:01]} h5 {[%emt 0:00:02]} 12. O-O {[%emt 0:00:01]} Bg7 {[%emt 0:00:00]} 13. Nc3 {[%emt 0:00:02]} Nxe5 {[%emt 0:00:01]} 14. Rfe1 {[%emt 0:00:03]} Kd6 {[%emt 0:00:02]} 15. Rad1+ {[%emt 0:00:02]} Kc7 {[%emt 0:00:04]} 16. Nxe5 {[%emt 0:00:01]} Re8 {[%emt 0:00:04]} 17. Nd5+ {[%emt 0:00:04]} Kb8 {[%emt 0:00:02]} 18. Ba4 {[%emt 0:00:06]} Rxe5 {[%emt 0:00:04]} 19. Rxe5 {[%emt 0:00:02]} Bxe5 {[%emt 0:00:01]} 20. Re1 {[%emt 0:00:02]} Bxb2 {[%emt 0:00:04]} 21. Re8 {[%emt 0:00:01]} b6 {[%emt 0:00:01]} 22. Bc6 {[%emt 0:00:02]} a5 {[%emt 0:00:01]} 23. Bxa8 {[%emt 0:00:01]} Kxa8 {[%emt 0:00:00]} 24. Rxc8+ {[%emt 0:00:01]} Kb7 {[%emt 0:00:00]} 25. Rc7+ {[%emt 0:00:01]} Ka6 {[%emt 0:00:00]} 26. Rxh7 {[%emt 0:00:00]} Bd4 {[%emt 0:00:03]} 27. Rxh5 {[%emt 0:00:01]} a4 {[%emt 0:00:01]} 28. Nxb6 {[%emt 0:00:01]} a3 {[%emt 0:00:00]} 29. Nc4 {[%emt 0:00:01]} Bb2 {[%emt 0:00:02]} 30. Nxa3 {[%emt 0:00:01]} Bxa3 {[%emt 0:00:01]} 31. Re5 {[%emt 0:00:01]} Bb2 {[%emt 0:00:01]} 32. Re2 {[%emt 0:00:00]} Bc3 {[%emt 0:00:01]} 33. g4 {[%emt 0:00:00]} Bg7 {[%emt 0:00:01]} 34. h4 {[%emt 0:00:00]} Kb5 {[%emt 0:00:00]} 35. f4 {[%emt 0:00:01]} Kc4 {[%emt 0:00:00]} 36. Kg2 {[%emt 0:00:00]} Kd3 {[%emt 0:00:00]} 37. Kf3 {[%emt 0:00:00]} Bd4 {[%emt 0:00:01]} 38. h5 {[%emt 0:00:00]} Bg7 {[%emt 0:00:01]} 39. g5 {[%emt 0:00:01]} Kc4 {[%emt 0:00:00]} 40. f5 {[%emt 0:00:00]} Be5 {[%emt 0:00:01]} 41. f6 {[%emt 0:00:00]} Bxf6 {[%emt 0:00:01]} 42. gxf6 {[%emt 0:00:01]} Kd5 {[%emt 0:00:00]} 43. f7 {[%emt 0:00:00]} Kc4 {[%emt 0:00:00]} 44. f8=Q {[%emt 0:00:00]} Kc3 {[%emt 0:00:00]} 45. Qc8+ {[%emt 0:00:02]} Kb4 {[%emt 0:00:00]} 46. Qd8 {[%emt 0:00:01]} Kb5 {[%emt 0:00:02]} 47. Qd2 {[%emt 0:00:00]} Ka6 {[%emt 0:00:00]} 48. Re3 {[%emt 0:00:00]} Kb5 {[%emt 0:00:01]} 49. Ke2 {[%emt 0:00:00]} Kc6 {[%emt 0:00:00]} 50. Qe1 {[%emt 0:00:00]} Kc7 {[%emt 0:00:00]} 51. Qf2 {[%emt 0:00:00]} Kd6 {[%emt 0:00:00]} 52. Qf3 {[%emt 0:00:00]} Kc5 {[%emt 0:00:01]} 53. Qf4 {[%emt 0:00:00]} Kd5 {[%emt 0:00:01]} 54. Re5+ {[%emt 0:00:00]} Kd6 {[%emt 0:00:01]} 55. Qf6+ {[%emt 0:00:00]} Kd7 {[%emt 0:00:03]} 56. Re7+ {[%emt 0:00:00]} Kd8 {[%emt 0:00:01]} 57. Qf8# {[%emt 0:00:00] (Lag: Av=0.50s, max=1.2s)} 1-0

[Event "Stay Safe Play From Home 248"]
[Site "Emanuel Lasker Arena"]
[Date "2020.06.23"]
[Round "2"]
[White "Buzaglo"]
[Black "Don59as"]
[Result "0-1"]
[WhiteElo "1929"]
[BlackElo "2037"]
[Annotator "NA"]
[PlyCount "104"]
[EventDate "2020.06.23"]
[EventType "swiss (blitz)"]

1. d4 {[%emt 0:00:00]} d5 {[%emt 0:00:01]} 2. Nf3 {[%emt 0:00:00]} e6 {[%emt 0:00:01]} 3. g3 {[%emt 0:00:00]} Nf6 {[%emt 0:00:00]} 4. Bg2 {[%emt 0:00:00]} Be7 {[%emt 0:00:00]} 5. O-O {[%emt 0:00:00]} O-O {[%emt 0:00:00]} 6. Nbd2 {[%emt 0:00:00]} Nbd7 {[%emt 0:00:00]} 7. c4 {[%emt 0:00:00]} c5 {[%emt 0:00:00]} 8. cxd5 {[%emt 0:00:00]} exd5 {[%emt 0:00:01]} 9. Ne5 {[%emt 0:00:01]} h6 {[%emt 0:00:03]} 10. e4 {[%emt 0:00:01]} dxe4 {[%emt 0:00:02]} 11. Nxd7 {[%emt 0:00:02]} Bxd7 {[%emt 0:00:02]} 12. Nxe4 {[%emt 0:00:02]} Nxe4 {[%emt 0:00:01]} 13. Bxe4 {[%emt 0:00:00]} cxd4 {[%emt 0:00:00]} 14. Bxb7 {[%emt 0:00:01]} Rb8 {[%emt 0:00:02]} 15. Bg2 {[%emt 0:00:01]} Bf6 {[%emt 0:00:01]} 16. Qd3 {[%emt 0:00:02]} Bb5 {[%emt 0:00:01]} 17. Qf5 {[%emt 0:00:03]} Bxf1 {[%emt 0:00:00]} 18. Bxf1 {[%emt 0:00:01]} Re8 {[%emt 0:00:02]} 19. Bd3 {[%emt 0:00:00]} Re1+ {[%emt 0:00:02]} 20. Kg2 {[%emt 0:00:01]} g6 {[%emt 0:00:01]} 21. Qg4 {[%emt 0:00:05]} Qd5+ {[%emt 0:00:07]} 22. f3 {[%emt 0:00:05]} h5 {[%emt 0:00:01]} 23. Qf4 {[%emt 0:00:02]} Bg7 {[%emt 0:00:05]} 24. Qxb8+ {[%emt 0:00:01]} Kh7 {[%emt 0:00:00]} 25. Qb4 {[%emt 0:00:03]} Rd1 {[%emt 0:00:02]} 26. Qe7 {[%emt 0:00:04]} Rxd3 {[%emt 0:00:03]} 27. Qe4 {[%emt 0:00:01]} Qxe4 {[%emt 0:00:02]} 28. fxe4 {[%emt 0:00:00]} Rd1 {[%emt 0:00:00]} 29. Kf3 {[%emt 0:00:01]} d3 {[%emt 0:00:00]} 30. Ke3 {[%emt 0:00:01]} Bh6+ {[%emt 0:00:01]} 31. Kd4 {[%emt 0:00:02]} d2 {[%emt 0:00:02]} 32. Bxd2 {[%emt 0:00:01]} Rb1 {[%emt 0:00:01]} 33. Bc3 {[%emt 0:00:00]} Rxa1 {[%emt 0:00:01]} 34. b3 {[%emt 0:00:01]} Rxa2 {[%emt 0:00:01]} 35. Ke5 {[%emt 0:00:01]} Bg7+ {[%emt 0:00:02]} 36. Kd5 {[%emt 0:00:02]} Bxc3 {[%emt 0:00:00]} 37. b4 {[%emt 0:00:00]} Bxb4 {[%emt 0:00:01]} 38. e5 {[%emt 0:00:00]} Be7 {[%emt 0:00:01]} 39. e6 {[%emt 0:00:00]} fxe6+ {[%emt 0:00:01]} 40. Kxe6 {[%emt 0:00:01]} Bg5 {[%emt 0:00:00]} 41. h4 {[%emt 0:00:00]} Kh6 {[%emt 0:00:00]} 42. hxg5+ {[%emt 0:00:01]} Kxg5 {[%emt 0:00:00]} 43. g4 {[%emt 0:00:00]} Rg2 {[%emt 0:00:00]} 44. gxh5 {[%emt 0:00:01]} gxh5 {[%emt 0:00:00]} 45. Kd5 {[%emt 0:00:01]} h4 {[%emt 0:00:00]} 46. Kc4 {[%emt 0:00:00]} h3 {[%emt 0:00:00]} 47. Kd3 {[%emt 0:00:00]} h2 {[%emt 0:00:00]} 48. Ke3 {[%emt 0:00:00]} Rg4 {[%emt 0:00:00]} 49. Kf3 {[%emt 0:00:00]} h1=Q+ {[%emt 0:00:01]} 50. Ke3 {[%emt 0:00:00]} Qh3+ {[%emt 0:00:00]} 51. Ke2 {[%emt 0:00:01]} Rg2+ {[%emt 0:00:00]} 52. Kf1 {[%emt 0:00:00]} Qh1# {[%emt 0:00:00] (Lag: Av=0.69s, max=1.3s)} 0-1

[Event "Stay Safe Play From Home 248"]
[Site "Emanuel Lasker Arena"]
[Date "2020.06.23"]
[Round "2"]
[White "SecantFX"]
[Black "Bardellosport"]
[Result "0-1"]
[WhiteElo "1877"]
[BlackElo "1968"]
[PlyCount "118"]
[EventDate "2020.06.23"]
[EventType "swiss (blitz)"]

1. e4 {[%emt 0:00:01]} c6 {[%emt 0:00:02]} 2. d4 {[%emt 0:00:01]} d5 {[%emt 0:00:00]} 3. e5 {[%emt 0:00:00]} c5 {[%emt 0:00:01]} 4. f4 {[%emt 0:00:00]} e6 {[%emt 0:00:00]} 5. c3 {[%emt 0:00:01]} cxd4 {[%emt 0:00:00]} 6. cxd4 {[%emt 0:00:00]} Nc6 {[%emt 0:00:00]} 7. Be3 {[%emt 0:00:01]} Nge7 {[%emt 0:00:00]} 8. Nc3 {[%emt 0:00:01]} Nf5 {[%emt 0:00:01]} 9. Bf2 {[%emt 0:00:01]} Qb6 {[%emt 0:00:01]} 10. Nf3 {[%emt 0:00:02]} Qxb2 {[%emt 0:00:01]} 11. Rc1 {[%emt 0:00:01]} Bb4 {[%emt 0:00:04]} 12. Qc2 {[%emt 0:00:02]} Qxc2 {[%emt 0:00:01]} 13. Rxc2 {[%emt 0:00:01]} Bxc3+ {[%emt 0:00:00]} 14. Rxc3 {[%emt 0:00:00]} Bd7 {[%emt 0:00:01]} 15. g4 {[%emt 0:00:01]} Nfe7 {[%emt 0:00:02]} 16. Bb5 {[%emt 0:00:02]} a6 {[%emt 0:00:01]} 17. Bd3 {[%emt 0:00:01]} Kd8 {[%emt 0:00:02]} 18. Kf1 {[%emt 0:00:01]} b5 {[%emt 0:00:01]} 19. Kg2 {[%emt 0:00:01]} Na5 {[%emt 0:00:01]} 20. Rhc1 {[%emt 0:00:03]} Nc4 {[%emt 0:00:01]} 21. Bxc4 {[%emt 0:00:01]} dxc4 {[%emt 0:00:00]} 22. a3 {[%emt 0:00:01]} Nd5 {[%emt 0:00:01]} 23. Bg3 {[%emt 0:00:02]} Nxc3 {[%emt 0:00:01]} 24. Rxc3 {[%emt 0:00:01]} Rc8 {[%emt 0:00:00]} 25. Nd2 {[%emt 0:00:01]} Bc6+ {[%emt 0:00:01]} 26. Kf2 {[%emt 0:00:02]} Bd5 {[%emt 0:00:01]} 27. f5 {[%emt 0:00:02]} Kd7 {[%emt 0:00:01]} 28. Ke3 {[%emt 0:00:01]} Kc6 {[%emt 0:00:01]} 29. Rc1 {[%emt 0:00:02]} Rb8 {[%emt 0:00:01]} 30. Nb1 {[%emt 0:00:00]} a5 {[%emt 0:00:01]} 31. Nc3 {[%emt 0:00:01]} b4 {[%emt 0:00:01]} 32. axb4 {[%emt 0:00:01]} axb4 {[%emt 0:00:00]} 33. Nxd5 {[%emt 0:00:00]} exd5 {[%emt 0:00:01]} 34. Be1 {[%emt 0:00:01]} Kd7 {[%emt 0:00:02]} 35. Rb1 {[%emt 0:00:01]} b3 {[%emt 0:00:01]} 36. Bc3 {[%emt 0:00:01]} Ra8 {[%emt 0:00:01]} 37. Kf4 {[%emt 0:00:03]} Ra2 {[%emt 0:00:01]} 38. h4 {[%emt 0:00:01]} Rc2 {[%emt 0:00:01]} 39. Bb4 {[%emt 0:00:01]} Ra8 {[%emt 0:00:01]} 40. g5 {[%emt 0:00:03]} Raa2 {[%emt 0:00:01]} 41. e6+ {[%emt 0:00:01]} fxe6 {[%emt 0:00:01]} 42. fxe6+ {[%emt 0:00:01]} Kxe6 {[%emt 0:00:00]} 43. Re1+ {[%emt 0:00:02]} Re2 {[%emt 0:00:02]} 44. Rf1 {[%emt 0:00:01]} Rf2+ {[%emt 0:00:01]} 45. Rxf2 {[%emt 0:00:01]} Rxf2+ {[%emt 0:00:00]} 46. Ke3 {[%emt 0:00:00]} b2 {[%emt 0:00:01]} 47. Kxf2 {[%emt 0:00:02]} b1=Q {[%emt 0:00:00]} 48. Bd2 {[%emt 0:00:01]} Qd3 {[%emt 0:00:00]} 49. Ke1 {[%emt 0:00:01]} Qe4+ {[%emt 0:00:01]} 50. Kd1 {[%emt 0:00:01]} Qxd4 {[%emt 0:00:01]} 51. Kc1 {[%emt 0:00:01]} Qd3 {[%emt 0:00:00]} 52. Bf4 {[%emt 0:00:01]} Qf1+ {[%emt 0:00:02]} 53. Kc2 {[%emt 0:00:01]} Qxf4 {[%emt 0:00:01]} 54. Kc3 {[%emt 0:00:00]} Qxh4 {[%emt 0:00:01]} 55. Kb4 {[%emt 0:00:00]} Qxg5 {[%emt 0:00:01]} 56. Kc5 {[%emt 0:00:00]} c3 {[%emt 0:00:00]} 57. Kd4 {[%emt 0:00:01]} c2 {[%emt 0:00:00]} 58. Kc3 {[%emt 0:00:00]} c1=Q+ {[%emt 0:00:00] .} 59. Kd3 {[%emt 0:00:00]} Qgd2# {[%emt 0:00:01]} 0-1

[Event "Stay Safe Play From Home 248"]
[Site "Emanuel Lasker Arena"]
[Date "2020.06.23"]
[Round "3"]
[White "Mepe_Nika"]
[Black "SoulofWolf"]
[Result "1-0"]
[WhiteElo "2389"]
[BlackElo "2169"]
[Annotator "TA"]
[PlyCount "91"]
[EventDate "2020.06.23"]
[EventType "swiss (blitz)"]

{[%evp 16,90,39,27,39,-9,0,0,10,16,0,-8,70,0,156,154,150,46,44,47,169,158,262,210,210,227,220,169,216,202,210,210,353,353,345,322,371,358,472,440,397,285,497,361,337,332,357,112,180,0,0,0,0,0,140,131,292,293,559,237,241,239,280,205,324,302,1075,1041,1947,1929,2104,1987,29990,29991,29998,29999,29999]} 1. d4 e6 2. Bf4 c5 3. c3 Nf6 4. e3 d5 5. Nd2 Nbd7 6. Ngf3 g6 7. Bd3 Bg7 8. O-O O-O 9. h3 b6 {D02: 1 d4 d5 2 Nf3 sidelines, including 2...Nf6 3 g3 and 2...Nf6 3 Bf4.} 10. Ne5 {Threatening Nc6.} Bb7 11. Re1 {[#]} Ne4 $146 {The position is equal.} ({Predecessor:} 11... Nxe5 12. Bxe5 Nd7 13. Bxg7 Kxg7 14. f4 Nf6 15. Qf3 Qd7 16. g4 Rae8 17. Re2 Re7 18. h4 h5 19. gxh5 Nxh5 20. Rg2 {1-0 (20) Di Giovanni,V (1784)-Liszkay,P Budapest 2014}) 12. Nxe4 dxe4 13. Bb5 Nf6 (13... Nxe5 $11 14. dxe5 Qc8) 14. Nc6 (14. dxc5 $14 bxc5 15. Qb3) 14... Bxc6 $2 {[#]} (14... Qd7 $11 15. Nxa7 Qe7) 15. Bxc6 $16 Rc8 16. Bb5 ({White should play} 16. Bb7 $16) 16... Nd5 $14 17. Bg3 f6 ({Black should try} 17... cxd4 $14 18. cxd4 (18. exd4 f5 $14) 18... Qe7) 18. Ba6 Rc6 (18... f5 $16 {might work better.} 19. Bxc8 Qxc8) 19. Bb7 Qd7 20. Bxc6 Qxc6 21. a4 a5 22. Qb3 c4 23. Qb5 Qb7 (23... Qxb5 {keeps fighting.} 24. axb5 f5) 24. Qxc4 $18 Rc8 25. Qb3 h5 26. Rac1 g5 27. c4 Nb4 28. h4 Bh6 $2 (28... gxh4 {was called for.} 29. Bxh4 Nd3) 29. d5 e5 30. Red1 Qd7 31. Qc3 $2 (31. c5 $18 bxc5 32. Rc4) 31... Qg4 (31... Na2 $16 32. Qb3 Nxc1 33. Rxc1 Qc7) 32. hxg5 $2 (32. d6 $18 gxh4 33. Bxh4 (33. d7 Rd8 $16)) 32... Bxg5 $11 33. Qe1 h4 34. Bh2 Kh7 (34... Nd3 $11 35. Qf1 h3) 35. Rd2 Rg8 $2 (35... h3 $16 36. Qf1 Rg8) 36. Qd1 Qf5 $2 (36... Qxd1+ 37. Rcxd1 Kg6) 37. Qe2 (37. c5 $142 Kh6 38. c6) 37... Nd3 38. Rcd1 Nc5 39. Rf1 Rd8 (39... Bh6 $142 40. Kh1 h3) 40. f4 $18 Bh6 $2 (40... exf3 41. gxf3 (41. Rxf3 Qe4 $18) 41... Rg8) 41. fxe5 {[%mdl 64] [#] Discovered Attack} Qg6 42. Rxf6 Qg7 43. Qh5 Rg8 44. Bf4 {White mates.} Nd7 45. Rxh6+ Qxh6 46. Qxh6# {Accuracy: White = 57%, Black = 23%.} 1-0

[Event "Stay Safe Play From Home 248"]
[Site "Emanuel Lasker Arena"]
[Date "2020.06.23"]
[Round "3"]
[White "Don59as"]
[Black "Lazieri3"]
[Result "1-0"]
[WhiteElo "2049"]
[BlackElo "2169"]
[Annotator "NA"]
[PlyCount "87"]
[EventDate "2020.06.23"]
[EventType "swiss (blitz)"]

1. c4 {[%emt 0:00:01]} c6 {[%emt 0:00:00]} 2. Nc3 {[%emt 0:00:01]} d5 {[%emt 0:00:00]} 3. e3 {[%emt 0:00:00]} Nf6 {[%emt 0:00:01]} 4. d4 {[%emt 0:00:01]} Bg4 {[%emt 0:00:01]} 5. Nf3 {[%emt 0:00:01]} e6 {[%emt 0:00:01]} 6. cxd5 {[%emt 0:00:01]} exd5 {[%emt 0:00:01]} 7. Be2 {[%emt 0:00:00]} Bd6 {[%emt 0:00:01]} 8. Ne5 {[%emt 0:00:01]} Bxe2 {[%emt 0:00:01]} 9. Qxe2 {[%emt 0:00:01]} Qe7 {[%emt 0:00:00]} 10. f4 {[%emt 0:00:01]} Nbd7 {[%emt 0:00:01]} 11. O-O {[%emt 0:00:01]} Rf8 {[%emt 0:00:01]} 12. Bd2 {[%emt 0:00:01]} Ne4 {[%emt 0:00:02]} 13. Nxe4 {[%emt 0:00:01]} dxe4 {[%emt 0:00:00]} 14. Qc4 {[%emt 0:00:02]} f6 {[%emt 0:00:03]} 15. Nxd7 {[%emt 0:00:03]} Qxd7 {[%emt 0:00:00]} 16. f5 {[%emt 0:00:03]} O-O-O {[%emt 0:00:02]} 17. g3 {[%emt 0:00:01]} Kb8 {[%emt 0:00:01]} 18. b4 {[%emt 0:00:01]} h5 {[%emt 0:00:03]} 19. a4 {[%emt 0:00:01]} h4 {[%emt 0:00:01]} 20. Be1 {[%emt 0:00:01]} hxg3 {[%emt 0:00:01]} 21. Bxg3 {[%emt 0:00:00]} Bxg3 {[%emt 0:00:01]} 22. hxg3 {[%emt 0:00:00]} Rh8 {[%emt 0:00:03]} 23. Kg2 {[%emt 0:00:01]} Qd5 {[%emt 0:00:02]} 24. Qxd5 {[%emt 0:00:01]} cxd5 {[%emt 0:00:02]} 25. Rac1 {[%emt 0:00:01]} Rc8 {[%emt 0:00:00]} 26. g4 {[%emt 0:00:02]} b6 {[%emt 0:00:01]} 27. Kg3 {[%emt 0:00:01]} Kb7 {[%emt 0:00:02]} 28. g5 {[%emt 0:00:01]} fxg5 {[%emt 0:00:01]} 29. Kg4 {[%emt 0:00:01]} Rxc1 {[%emt 0:00:01]} 30. Rxc1 {[%emt 0:00:01]} Rh2 {[%emt 0:00:02]} 31. Kxg5 {[%emt 0:00:02]} Re2 {[%emt 0:00:00]} 32. Kg6 {[%emt 0:00:01]} Rg2+ {[%emt 0:00:04]} 33. Kf7 {[%emt 0:00:01]} Rg3 {[%emt 0:00:01]} 34. b5 {[%emt 0:00:03]} a6 {[%emt 0:00:04]} 35. Ke6 {[%emt 0:00:02]} axb5 {[%emt 0:00:01]} 36. axb5 {[%emt 0:00:01]} Rxe3 {[%emt 0:00:02]} 37. Rg1 {[%emt 0:00:01]} Rd3 {[%emt 0:00:02]} 38. Rxg7+ {[%emt 0:00:00]} Kb8 {[%emt 0:00:01]} 39. Kxd5 {[%emt 0:00:00]} e3 {[%emt 0:00:01]} 40. Re7 {[%emt 0:00:01]} Rb3 {[%emt 0:00:01]} 41. f6 {[%emt 0:00:01]} Rxb5+ {[%emt 0:00:01]} 42. Kc6 {[%emt 0:00:00]} Rf5 {[%emt 0:00:01]} 43. f7 {[%emt 0:00:01]} e2 {[%emt 0:00:01]} 44. Kxb6 {[%emt 0:00:01] Time (Lag: Av=0.70s, max=4.5s)} 1-0

[Event "Stay Safe Play From Home 248"]
[Site "Emanuel Lasker Arena"]
[Date "2020.06.23"]
[Round "3"]
[White "Bardellosport"]
[Black "Scorpio New"]
[Result "0-1"]
[WhiteElo "1980"]
[BlackElo "2156"]
[Annotator "TA"]
[PlyCount "142"]
[EventDate "2020.06.23"]
[EventType "swiss (blitz)"]

{[%evp 12,142,32,4,30,-14,4,-2,6,0,2,-23,-12,-42,20,-16,-24,-29,-10,-2,-8,-144,-142,-132,-141,-144,-114,-189,-193,-339,-218,-284,-247,-317,-308,-431,-331,-425,-432,-503,-496,-477,-440,-449,-417,-575,-570,-550,-477,-509,-504,-530,-517,-610,-560,-538,-503,-713,-713,-708,-702,-652,-630,-652,-576,-729,-710,-640,-620,-1041,-1041,-1041,-1023,-991,-980,-858,-826,-777,-715,-1111,-599,-5912,-1653,-1655,-1631,-1551,-1067,-1530,-1360,-1533,-757,-1435,-731,-736,-706,-6179,-1064,-1645,-1660,-1608,-1550,-1451,-909,-1548,-1110,-1482,-1441,-1215,-1228,-893,0,0,1152,-29981,1015,831,1165,-12838,7,7,7,7,33,8,8,39,58,67,39,19,64,-29992,14]} 1. d4 d6 2. e3 g6 3. Nf3 Bg7 4. b3 Nf6 5. Bb2 O-O 6. Be2 Nbd7 7. O-O Re8 $1 {[%mdl 4] [#] is currently scoring better than 7...e5. Played by Fabiano Caruana in May 2020. A48: 1 d4 Nf6 2 Nf3 g6: Torre, London and Colle Systems.} 8. Kh1 $146 ({Predecessor:} 8. a4 a5 9. Re1 c6 10. Bf1 e5 11. dxe5 dxe5 12. Na3 e4 13. Nd2 Nd5 14. Bxg7 Kxg7 15. Ndc4 {0-1 (47) Nakamura,H (2761)-Amin,B (2704) Abidjan 2019}) 8... c6 9. c4 Qc7 {The position is equal.} 10. Nc3 e5 11. dxe5 dxe5 12. Qc2 a5 (12... Nc5 $15) 13. Rad1 Nc5 14. Ng5 Bf5 15. e4 Bc8 16. f3 (16. Bc1 $11 {keeps the balance.}) 16... h6 $36 {[%mdl 2048] Black has strong initiative.} 17. Nh3 Bxh3 $1 18. gxh3 Nh5 19. Rde1 (19. Na4 $17 Ne6 20. c5) 19... Nf4 20. Bd1 (20. Na4 $142 Nce6 21. Rd1) 20... Nxh3 21. Ne2 Qe7 22. Ng3 Nf4 23. Qf2 h5 24. Bc1 Ncd3 {[%mdl 64] Double Attack} 25. Qc2 Nxe1 26. Rxe1 h4 27. Nf1 Bh6 28. Bxf4 Bxf4 29. Qg2 Qe6 30. Be2 h3 31. Qg1 Red8 32. Ne3 Bxe3 33. Qxe3 Rd6 34. Rf1 Rad8 35. f4 exf4 36. Qxf4 Kg7 37. Bg4 Qe7 38. e5 {[#]} Rd4 $1 39. Qg3 Rd3 40. Bf3 R8d4 41. Qxh3 Rf4 42. Qg3 Qxe5 43. Kg2 Rd2+ 44. Rf2 Rxf2+ 45. Kxf2 $19 {[%mdl 4096] Endgame KQR-KQB} Rf5 46. Qg2 Qf6 (46... Qb2+ $142 47. Kg1 Qc3) 47. Ke2 Re5+ 48. Kd2 Qe7 49. Qf2 Qd6+ 50. Kc2 Rf5 (50... Qf6 $142 51. Qg2 Rf5) 51. Qe2 Qe5 52. Qxe5+ Rxe5 {KR-KB} 53. Be2 Rg5 (53... Rxe2+ $142 54. Kd3 Rxa2) 54. Bd3 Rg2+ 55. Kc3 Rxh2 56. b4 Rh4 57. bxa5 Rh8 58. a4 Rb8 59. Kb4 Ra8 60. Be4 c5+ $2 ({Black should play} 60... Kf6 $19 61. Kc3 Rxa5) 61. Kb5 $11 Re8 $2 {[%mdl 8192]} (61... Rb8 $11 62. Kb6 f5 63. Bxb7 f4) 62. a6 $4 {[%mdl 8192]} (62. Bxb7 $18 g5 63. a6) 62... Rxe4 $4 {[%mdl 8192]} (62... bxa6+ {and all is fine.} 63. Kxc5 Rxe4 64. Kb4 f5 65. Kc5 f4 66. Kd5 Re2 67. Kd4 f3 68. Kd3 Re1 69. Kd4 f2 70. Kd3 f1=Q+ 71. Kd4 Qf5 72. c5 Re4+ 73. Kd3 Qf3+ 74. Kd2 Re2+ 75. Kd1 Qf1#) 63. axb7 $18 {KR-K3P} Re8 64. Kxc5 $4 {[%mdl 8192] [#]} (64. a5 $18 Re3 65. Kxc5) 64... Rb8 $2 (64... g5 $1 $19 {[%cal Rg5g4] ...g4 is the strong threat.} 65. Kc6 g4) 65. Kb6 $11 Rxb7+ 66. Kxb7 {Threatening mate with c5. KPP-KPP} g5 67. c5 g4 68. c6 {White wants to mate with c7.} g3 69. c7 g2 70. c8=Q {White threatens Qg4+ and mate.} g1=Q 71. Qc5 $2 {[%mdl 8192]} (71. a5 $14) 71... Qg2+ $2 {[%mdl 32768] What a fight! Accuracy: White = 25%, Black = 49%. . Loss on time!?} (71... Qxc5 {mates} 72. Kb8 f5 73. a5 Qxa5 74. Kb7 Kf6 75. Kb8 Ke6 76. Kb7 Kd6 77. Kb8 Kc6 78. Kc8 Qc7#) 0-1

[Event "Stay Safe Play From Home 248"]
[Site "Emanuel Lasker Arena"]
[Date "2020.06.23"]
[Round "3"]
[White "Buzaglo"]
[Black "SecantFX"]
[Result "0-1"]
[WhiteElo "1917"]
[BlackElo "1864"]
[PlyCount "78"]
[EventDate "2020.06.23"]
[EventType "swiss (blitz)"]

1. d4 {[%emt 0:00:01]} d5 {[%emt 0:00:02]} 2. Nf3 {[%emt 0:00:00]} Nf6 {[%emt 0:00:00]} 3. g3 {[%emt 0:00:00]} Bf5 {[%emt 0:00:00]} 4. Bg2 {[%emt 0:00:00]} Bg6 {[%emt 0:00:00]} 5. O-O {[%emt 0:00:00]} e6 {[%emt 0:00:00]} 6. Ne5 {[%emt 0:00:00]} Bd6 {[%emt 0:00:01]} 7. Nxg6 {[%emt 0:00:01]} hxg6 {[%emt 0:00:01]} 8. h4 {[%emt 0:00:00]} Nbd7 {[%emt 0:00:00]} 9. Bg5 {[%emt 0:00:01]} O-O {[%emt 0:00:01]} 10. c4 {[%emt 0:00:00]} dxc4 {[%emt 0:00:01]} 11. Bxb7 {[%emt 0:00:01]} Rb8 {[%emt 0:00:01]} 12. Bc6 {[%emt 0:00:02]} Rxb2 {[%emt 0:00:02]} 13. Nc3 {[%emt 0:00:01]} Nb6 {[%emt 0:00:02]} 14. Qc1 {[%emt 0:00:04]} Rb4 {[%emt 0:00:07]} 15. Bd2 {[%emt 0:00:01]} Nc8 {[%emt 0:00:07]} 16. d5 {[%emt 0:00:05]} exd5 {[%emt 0:00:03]} 17. Nxd5 {[%emt 0:00:01]} Nxd5 {[%emt 0:00:01]} 18. Bxb4 {[%emt 0:00:02]} Nxb4 {[%emt 0:00:01]} 19. Bb5 {[%emt 0:00:01]} Qf6 {[%emt 0:00:06]} 20. Bxc4 {[%emt 0:00:02]} Ne7 {[%emt 0:00:02]} 21. Qd2 {[%emt 0:00:03]} Nbc6 {[%emt 0:00:01]} 22. Rad1 {[%emt 0:00:05]} Ne5 {[%emt 0:00:01]} 23. Bd5 {[%emt 0:00:03]} Nf5 {[%emt 0:00:02]} 24. Bg2 {[%emt 0:00:01]} Nxh4 {[%emt 0:00:02]} 25. gxh4 {[%emt 0:00:02]} Qxh4 {[%emt 0:00:00]} 26. f4 {[%emt 0:00:02]} Ng4 {[%emt 0:00:02]} 27. Rf3 {[%emt 0:00:05]} Qh2+ {[%emt 0:00:01]} 28. Kf1 {[%emt 0:00:00]} Bc5 {[%emt 0:00:03]} 29. e3 {[%emt 0:00:02]} Re8 {[%emt 0:00:02]} 30. Rc1 {[%emt 0:00:04]} Nxe3+ {[%emt 0:00:01]} 31. Ke2 {[%emt 0:00:01]} Qxg2+ {[%emt 0:00:01]} 32. Kd3 {[%emt 0:00:00]} Qxf3 {[%emt 0:00:01]} 33. Qxe3 {[%emt 0:00:01]} Bxe3 {[%emt 0:00:01]} 34. Kc4 {[%emt 0:00:00]} Bxf4 {[%emt 0:00:01]} 35. Rc3 {[%emt 0:00:00]} Qxc3+ {[%emt 0:00:01]} 36. Kxc3 {[%emt 0:00:01]} Bd6 {[%emt 0:00:00]} 37. a4 {[%emt 0:00:00]} Re3+ {[%emt 0:00:01]} 38. Kd4 {[%emt 0:00:01]} Re5 {[%emt 0:00:00]} 39. Kc4 {[%emt 0:00:02]} Ra5 {[%emt 0:00:00] Time (Lag: Av=0.63s, max=4.9s) .} 0-1